000 00334nam a2200133Ia 4500
008 240624s9999 xx 000 0 und d
041 _aeng
082 _a338.5 KUM
100 _aKUMAR BRAJESH
245 _aMODERN MICROECONOMICS
260 _c2008
_aNew Delhi
_bAne Books Pvt. Ltd.
300 _a323 : p. : cm. ; 22
365 _cRS
_b32
999 _c13898
_d13898